000 nam a22 a 4500
999 _c4267
_d4267
003 AKMAL
005 20170526105319.0
008 170526s1995 my | e l 000 0 eng d
020 _a9678907216 (pbk.) :
_cRM 12.50
082 0 4 _a347.59501 RUL
_222
090 0 0 _a347.59501
_bRUL
110 1 _aMalaysia
_9400
240 1 0 _aKaedah-Kaedah Mahkamah Persekutuan, 1995.
_lEnglish
245 1 0 _aRules of the Federal Court 1995 & Rules of the Special Court 1995 :
_b(as at 15hb November 1995) /
_ccompiled Legal Research Board
260 _aKuala Lumpur :
_bInternational Law Book Services,
_c1995
300 _a58p. ;
_c24cm.
490 1 _aUndang-undang Malaysia
650 1 0 _aCourt rules
_zMalaysia
_93920
650 2 0 _aProcedure (Law)
_zMalaysia
_93921
710 2 _aLegal Research Board
_93922
830 0 _aUNDANG-UNDANG MALAYSIA
_98339
942 _2ddc
_cBOOK